Statistics for Croatian Head Coaches

Click here to take the quiz!

General Stats

  • This quiz has been taken 47 times
    (16 since last reset)
  • The average score is 9 of 13

Answer Stats

Term of office Head Coach Games managed % Correct
2017 -Zlatko Dalić-
100%
2013 - 2015Niko Kovač19
94%
2006 - 2012Slaven Bilić65
94%
2015 - 2017Ante Čačić25
88%
2012 - 2013Igor Štimac15
88%
1994 - 2000Miroslav Blažević72
81%
2004 - 2006Zlatko Kranjčar25
75%
2000 - 2002Mirko Jozić18
63%
2002 - 2004Otto Barić24
50%
1993 - 1994Vlatko Marković1
50%
1994Tomislav Ivić1 (replacing above)
50%
1992Stanko Poklepović4
44%
1990 - 1991Dražan Jerković3
31%

Score Distribution

Percentile by Number Answered

Percent of People with Each Score

Your Score History

You have not taken this quiz since the last reset